000 00696nam a22001817a 4500
003 BUBTL
008 190403b xxu||||| |||| 00| 0 eng d
020 _a978-984-91847-6-8
082 _a891.443 / AHT
100 _91698
_aআহমেদ,হুমায়ূন
245 _aতুমি আমায় ডেকেছিলে ছুটির নিমন্ত্রনে /
_cহুমায়ূন আহমেদ
260 _aঢাকা :
_bকাকলী প্রকাশনী,
_cc1993
300 _a80 p. :
_c21 cm.
650 0 _91692
_aবাংলা সাহিত্য
856 _k0
_l0
_yDownload
942 _2ddc
_cBK
999 _c5950
_d5950